000 00305nam a22001217a 4500
008 231129b |||||||| |||| 00| 0 eng d
020 _aFIC 780 SIL
100 _aSilva, Daniel.
245 _aThe Defector
260 _aNew York :
_bG.P Putnam's Sons,
_c2009
300 _a517 p:
_bill,
_c19 cm.
942 _2ddc
999 _c9745
_d9746